Largest Cities in the Midwest - Statistics

General Stats
  • This quiz has been taken 48 times
  • The average score is 9 of 10
Answer Stats
Population Answer % Correct
2,716,450 Chicago
100%
863,002 Indianapolis
97%
385,285 Cleveland
94%
595,351 Milwaukee
94%
879,170 Columbus
92%
422,331 Minneapolis
92%
673,104 Detroit
89%
488,943 Kansas City
89%
466,893 Omaha
83%
390,591 Wichita
58%
No matching quizzes found
Score Distribution
Percent of People with Each Score
Percentile by Number Answered
Your Score History
You have not taken this quiz